Islam, past influence and present challenge / (Record no. 542146)
[ view plain ]
| 000 -LEADER | |
|---|---|
| fixed length control field | 00740cam a2200217 i 4500 |
| 020 ## - INTERNATIONAL STANDARD BOOK NUMBER | |
| International Standard Book Number | 0873953916 |
| 082 00 - DEWEY DECIMAL CLASSIFICATION NUMBER | |
| Classification number | 297 |
| Author Mark | ISL |
| 245 00 - TITLE STATEMENT | |
| Title | Islam, past influence and present challenge / |
| Statement of responsibility, etc. | edited by Alford T. Welch and Pierre Cachia. |
| 260 ## - PUBLICATION, DISTRIBUTION, ETC. | |
| Place of publication, distribution, etc. | Albany : |
| Name of publisher, distributor, etc. | State University of New York Press, |
| Date of publication, distribution, etc. | 1979. |
| 300 ## - PHYSICAL DESCRIPTION | |
| Extent | xvi, 359 p. ; |
| Dimensions | 24 cm. |
| 500 ## - GENERAL NOTE | |
| General note | "Studies presented by his colleagues and students to William Montgomery Watt." |
| 500 ## - GENERAL NOTE | |
| General note | Includes 3 studies in French. |
| 500 ## - GENERAL NOTE | |
| General note | Includes index. |
| 526 ## - STUDY PROGRAM INFORMATION NOTE | |
| Program name | 0 |
| Interest level | 0 |
| Reading level | 0 |
| Title point value | 297_000000000000000_ISL |
| 650 #0 - SUBJECT ADDED ENTRY--TOPICAL TERM | |
| Topical term or geographic name entry element | Islam. |
| 650 #0 - SUBJECT ADDED ENTRY--TOPICAL TERM | |
| Topical term or geographic name entry element | MCE |
| 9 (RLIN) | 379 |
| 700 1# - ADDED ENTRY--PERSONAL NAME | |
| Personal name | Cachia, Pierre. |
| 9 (RLIN) | 37241 |
| 700 1# - ADDED ENTRY--PERSONAL NAME | |
| Personal name | Watt, W. Montgomery |
| 9 (RLIN) | 37105 |
| 700 1# - ADDED ENTRY--PERSONAL NAME | |
| Personal name | Welch, Alford T. |
| 9 (RLIN) | 37242 |
| 942 ## - ADDED ENTRY ELEMENTS (KOHA) | |
| Source of classification or shelving scheme | |
| Koha item type | Book |
| Withdrawn status | Lost status | Source of classification or shelving scheme | Damaged status | Not for loan | Permanent Location | Current Location | Date acquired | Total Checkouts | Full call number | Barcode | Date last seen | Price effective from | Koha item type |
|---|---|---|---|---|---|---|---|---|---|---|---|---|---|
| Military College of Engineering (MCE) | Military College of Engineering (MCE) | 09/24/2013 | 297 ISL | MCE-26406 | 09/24/2013 | 09/24/2013 | Book |
